| 000 | 00737nam a22002171a 4500 | ||
|---|---|---|---|
| 003 | OSt | ||
| 005 | 20110718133135.0 | ||
| 008 | 091005s1993 001 0 eng d | ||
| 020 |
_a9966403523 : _c0.00 |
||
| 040 |
_aNEGST Library - Kenya _bDLC _cDLC _dDLC |
||
| 050 | 4 | _aREF BS 325.B57 1993 | |
| 100 | 1 |
_aAlliance Biblique du Burkina Faso. _97995 |
|
| 245 | 1 | 2 | _aA naanmin puli-ta-paalaa. |
| 260 |
_aOuagadougou : _bAlliance Biblique au Bur, _c1993. |
||
| 300 | _aiv, 526 p. : ill. | ||
| 500 | _a"Le Nouveau Testament en langue birifor." - T.p. verso. [Africana] | ||
| 600 | 1 | 0 |
_aBible. N.T. Birifor. 1993. _97996 |
| 600 | 1 | 0 |
_aBirifor language - Texts. _97997 |
| 942 |
_2lcc _cART |
||
| 999 |
_c39989 _d39989 |
||